| 000 | 00451nab a2200145Ia 4500 | ||
|---|---|---|---|
| 003 | ES-SlBCS | ||
| 005 | 20210601133052.0 | ||
| 008 | 140529s1937 xxu||||| |||| 00| 0 ita d | ||
| 041 | _aita | ||
| 100 | 1 |
_aOlgiati, Francesco _912610 |
|
| 245 | 0 | 0 |
_aIl punto di partenza del concetto di realismo _c Francesco Olgiati |
| 650 | 0 | 4 |
_aRealismo _990223 |
| 773 | 0 |
_tRivista di Filosofia Neoscolastica _gvol. 29, nº. 1, 1937, págs. 86-91 _wRev392 |
|
| 942 | _cAR | ||
| 999 |
_c590232 _d590232 |
||